<?xml version="1.0" encoding="UTF-8" ?>
<collection xmlns="http://www.loc.gov/MARC21/slim"><record><leader>01722nam a2200289   4500</leader><controlfield tag="001">205401</controlfield><controlfield tag="003">CH-000273-5</controlfield><controlfield tag="005">20201020175711.0</controlfield><datafield tag="035" ind1=" " ind2=" "><subfield code="a">(OCoLC)1131770614</subfield></datafield><datafield tag="040" ind1=" " ind2=" "><subfield code="a">CH-000273-5</subfield><subfield code="b">ger</subfield><subfield code="e">rda</subfield></datafield><datafield tag="041" ind1=" " ind2=" "><subfield code="a">fre</subfield></datafield><datafield tag="100" ind1="1" ind2="0"><subfield code="a">Vallet, J.R.</subfield><subfield code="e">Verfasser</subfield><subfield code="4">aut</subfield></datafield><datafield tag="245" ind1="0" ind2="0"><subfield code="a">Brief, Cressy-Onex, le 28 Août 1929.</subfield><subfield code="b">Monsieur le Directeur, ...</subfield><subfield code="c">Merci encore pour le bon accueuil que vous m&apos;avez fait dimanche et agréer, Monsieur le Directeur, avec mes remerciements mes salutations empressées. J.R. Vallet</subfield></datafield><datafield tag="264" ind1=" " ind2=" "><subfield code="a">Cressy-Onex</subfield><subfield code="c">1929</subfield></datafield><datafield tag="300" ind1=" " ind2=" "><subfield code="a">1 Blatt</subfield><subfield code="c">27,2 x 21,2 cm</subfield><subfield code="e">1 Beilage (2 Seiten)</subfield></datafield><datafield tag="336" ind1=" " ind2=" "><subfield code="a">Text</subfield><subfield code="b">txt</subfield><subfield code="2">rdacontent</subfield></datafield><datafield tag="337" ind1=" " ind2=" "><subfield code="a">ohne Hilfsmittel zu benutzen</subfield><subfield code="b">n</subfield><subfield code="2">rdamedia</subfield></datafield><datafield tag="338" ind1=" " ind2=" "><subfield code="a">Blatt</subfield><subfield code="b">nb</subfield><subfield code="2">rdacarrier</subfield></datafield><datafield tag="500" ind1=" " ind2=" "><subfield code="a">Es ist unklar, wer genau J.R. Vallet ist. Er oder sie scheint mit Édouard Vallet verwandt zu sein, es handelt sich höchstwahrscheinlich aber um keines seiner Kinder. J.R. Vallet schreibt, dass er oder sie gerne das Bild Nr. 196 (&quot;Valaisanne au mouchoir rouge&quot;) reservieren lassen würde, weil es dass Portrait von seiner oder ihrer Mutter sei (&quot;le portrait de notre mère&quot;). J.R. schreibt die oft im Plural und spricht von &quot;nous&quot;. Wer mit &quot;nous&quot; gemeint ist, ist unklar. Möglicherweise hatte J.R. engen Kontakt mit Édouard Vallets Witwe Marie Vallet.</subfield></datafield><datafield tag="501" ind1=" " ind2=" "><subfield code="a">Liste &quot;Eaux-fortes encadrées&quot;</subfield></datafield><datafield tag="600" ind1="1" ind2="7"><subfield code="a">Vallet, Édouard</subfield><subfield code="d">1876-1929</subfield><subfield code="2">gnd</subfield></datafield><datafield tag="610" ind1="2" ind2="7"><subfield code="a">Kunsthaus Zürich</subfield><subfield code="x">Ausstellung</subfield><subfield code="x">Geschäftsbrief</subfield><subfield code="2">gnd</subfield></datafield><datafield tag="655" ind1="0" ind2="7"><subfield code="a">Typoskript</subfield><subfield code="2">gnd</subfield></datafield><datafield tag="655" ind1="0" ind2="7"><subfield code="a">Brief</subfield><subfield code="2">gnd</subfield></datafield><datafield tag="710" ind1="2" ind2="0"><subfield code="a">Kunsthaus Zürich</subfield><subfield code="e">Adressat</subfield><subfield code="4">rcp</subfield></datafield><datafield tag="852" ind1="4" ind2="0"><subfield code="a">CH-000273-5</subfield><subfield code="c">10.30.30.175a.vallet.19290828a</subfield></datafield><datafield tag="856" ind1="4" ind2="1"><subfield code="u">https://digital.kunsthaus.ch/viewer/image/205401/1/-/</subfield><subfield code="y">Kunsthaus Zürich Sammlungen online</subfield></datafield></record></collection>